Les 5 villes des États-Unis les plus peuplées commençant par J - Statistiques

Statistiques générales
  • Ce quiz a été pris 20 fois
  • Le résultat moyen est 2 sur 5
Statistiques - réponses
# Ville Population % Correct
4 Jackson 143.709
100%
1 Jacksonville 985.843
89%
2 Jersey City 291.657
42%
3 Joliet 150.489
5%
5 Jurupa Valley 107.321
0%
Aucun quiz correspondant
Distribution des résultats
% des personnes avec chaque résultat
Percentile par nombre de réponses
Votre historique - résultats
Vous n’avez pas pris ce quiz